Normal view
MARC view
Entry Topical Term
001 - CONTROL NUMBER
- control field: 35538
003 - CONTROL NUMBER IDENTIFIER
- control field: ARRUPE
005 - DATE AND TIME OF LATEST TRANSACTION
- control field: 20170904110248.0
008 - FIXED-LENGTH DATA ELEMENTS
- fixed length control field: 170904|| aca||aabn | a|a d
040 ## - CATALOGING SOURCE
- Original cataloging agency: ARRUPE
- Transcribing agency: ARRUPE
150 ## - HEADING--TOPICAL TERM
- Topical term or geographic name as entry element: Civilisation, Modern
- General subdivision: European influence
- General subdivision: Historiagraphy
670 ## - SOURCE DATA FOUND
- Source citation: Work cat.: (ARRUPE): Strath, Bo 35533, European modernity, 2017